000 00931cam a22002774a 4500
001 15534086
005 20180824062855.0
008 081124s2009 nyua b 001 0 eng
010 _a 2008051235
016 7 _a101489937
_2DNLM
020 _a9780393705607 (hardcover : alk. paper)
020 _a0393705609 (hardcover : alk. paper)
035 _a(OCoLC)ocn276668845
040 _aDNLM/DLC
_cDLC
_dYDX
_dNLM
_dYDXCP
_dCDX
_dDLC
041 _aeng
042 _apcc
080 _a616.89
082 0 0 _a616.89
_222
100 1 _a9
101 _aPAT
245 1 0 _aEssential psychopathology and its treatment /
_cJerrold S. Maxmen, Nicholas G. Ward, Mark D. Kilgus.
504 _aIncludes bibliographical references and index.
906 _a7
_bcbc
_corignew
_d1
_eecip
_f20
_gy-gencatlg
942 _2ddc
_cBK
999 _c47311
_d47311